LEADER 01328nam2-2200409li-450 001 990000212000203316 005 20180312154705.0 010 $a3-540-54212-4 035 $a0021200 035 $aUSA010021200 035 $a(ALEPH)000021200USA01 035 $a0021200 100 $a2001993041991-------y0itay0103----ba 101 0 $aeng 102 $aGW 200 1 $aElementary introduction to spatialand temporal fractals$fL. T. Fan, D. Neogi, M. Yashima 210 $aBerlin [etc.]$cSpringer-Verlag$dcopyr. 1991 215 $aIX, 168 p.$cill.$d24 cm 225 2 $aLecture notes in chemistry$v55 410 0$10010021199$12001$aLecture notes in chemistry 610 1 $afrattali 676 $a515352$9Equazioni differenziali ordinarie 700 1$aFan,$bL. T.$013726 702 1$aNeogi,$bD. 702 1$aYashima,$bM. 801 $aSistema bibliotecario di Ateneo dell' Università di Salerno$gRICA 912 $a990000212000203316 951 $a515.352 FAN$b14765/CBS$c515.352$d00220782 959 $aBK 969 $aSCI 979 $c19930422 979 $c20001110$lUSA01$h1714 979 $c20020403$lUSA01$h1629 979 $aPATRY$b90$c20040406$lUSA01$h1615 979 $aRSIAV7$b90$c20090522$lUSA01$h1227 996 $aElementary introduction to spatialand temporal fractals$91491110 997 $aUNISA LEADER 01606nam 2200349 450 001 9910220539903321 005 20230422034521.0 035 $a(CKB)3810000000213883 035 $a(EXLCZ)993810000000213883 100 $a20171016d1995uuuu fu| 0 101 0 $adut 135 $aurbu#---uuuuu 181 $ctxt$2rdacontent 182 $cc$2rdamedia 183 $acr$2rdacarrier 200 10$aMachtsverschil en rechtsgelijkheid in de Europese Unie $edrie amendementen op de Europese politiek van Nederland$b[electronic resource] /$fP. Scheffer 210 1$aThe Hague, Netherlands :$cWetenschappelijke Raad voor het Regeringsbeleid (WRR),$d1995. 215 $a1 online resource (85 pages) $cdigital, PDF file(s) 225 1 $aWerkdocumenten ;$vW 86 320 $aIncludes bibliographical references. 330 8 $aDe serie 'Werkdocumenten' omvat stukken die in het kader van de werkzaamheden van de WRR tot stand zijn gekomen en die op aanvraag door de raad beschikbaar worden gesteld. De verantwoordelijkheid voor de inhoud en de ingenomen standpunten berust bij de auteurs. 410 0$aWerkdocumenten (Wetenschappelijke Raad voor het Regeringsbeleid (Netherlands)) ;$vW 86. 607 $aNetherlands$xForeign relations 607 $aEuropean Union countries$xForeign relations 676 $a352.34 700 $aScheffer$b Paul$f1954-$0933806 712 02$aWetenschappelijke Raad voor het Regeringsbeleid (Netherlands), 801 2$bUkMaJRU 906 $aBOOK 912 $a9910220539903321 996 $aMachtsverschil en rechtsgelijkheid in de Europese Unie$92102320 997 $aUNINA LEADER 02298nam0 2200457 i 450 001 VAN0113607 005 20230706095819.68 017 70$2N$a9783319187327 100 $a20180115d2015 |0itac50 ba 101 $aeng 102 $aCH 105 $a|||| ||||| 200 1 $aModeling and stochastic learning for forecasting in high dimensions$fAnestis Antoniadis, Jean-Michel Poggi, Xavier Brossat editors 210 $a[Cham]$cSpringer$d2015 215 $aX, 339 p.$cill.$d24 cm 410 1$1001VAN0001957$12001 $aLecture notes in statistics$1210 $aNew York [etc.]$cSpringer$v217 410 1$1001VAN0114274$12001 $aLecture notes in statistics. Proceedings$1210 $aBerlin [etc.]$cSpringer 500 1$3VAN0235142$aModeling and stochastic learning for forecasting in high dimensions$91522672 606 $a00B25$xProceedings of conferences of miscellaneous specific interest [MSC 2020]$3VANC020732$2MF 606 $a00A69$xGeneral applied mathematics [MSC 2020]$3VANC022597$2MF 606 $a62-XX$xStatistics [MSC 2020]$3VANC022998$2MF 606 $a62M10$xTime series, auto-correlation, regression, etc. in statistics (GARCH) [MSC 2020]$3VANC025079$2MF 606 $a62P30$xApplications of statistics in engineering and industry; control charts [MSC 2020]$3VANC030774$2MF 610 $aCopulas$9KW:K 610 $aForecasting$9KW:K 610 $aHigh-dimensional statistics$9KW:K 610 $aMultiscale processes$9KW:K 610 $aTime series$9KW:K 620 $aCH$dCham$3VANL001889 702 1$aAntoniadis$bAnestis$3VANV087689 702 1$aBrossat$bXavier$3VANV087691 702 1$aPoggi$bJean-Michel$3VANV087690 712 $aSpringer $3VANV108073$4650 801 $aIT$bSOL$c20240614$gRICA 856 4 $uhttp://dx.doi.org/10.1007/978-3-319-18732-7$zE-book ? Accesso al full-text attraverso riconoscimento IP di Ateneo, proxy e/o Shibboleth 899 $aBIBLIOTECA DEL DIPARTIMENTO DI MATEMATICA E FISICA$1IT-CE0120$2VAN08 912 $fN 912 $aVAN0113607 950 $aBIBLIOTECA DEL DIPARTIMENTO DI MATEMATICA E FISICA$d08CONS e-book 0326 $e08eMF326 20180115 996 $aModeling and stochastic learning for forecasting in high dimensions$91522672 997 $aUNICAMPANIA